000 00512 a2200133 4500
020 _a9781844073436 (hardback)
020 _a1844073432 (hardback)
082 _a333.7014 BES
100 _aBessette,Guy
245 _aPeople, land, and water :
_bparticipatory development communication for natural resource management /
_cedited by Guy Bessette.
260 _aLondon ;
_aSterling, VA :
_bEarthscan,
_c2006.
300 _axx, 313 p. :
_bill. ;
_c24 cm.
650 _aNatural resources
_xManagement.
650 _aCommunication in economic development.
999 _c921
_d921